| 000 | 00878cam a2200277 a 4500 | ||
|---|---|---|---|
| 001 | 000014356 | ||
| 005 | 20260429123224.0 | ||
| 008 | 761210s1979 mx 000 0 spa d | ||
| 020 | _a9682303052 | ||
| 035 | _a(DLC) 76487282 | ||
| 040 |
_aDO-SdBNP _cDLC _dDLC |
||
| 043 | _anwcu--- | ||
| 082 |
_a320.53157291 _bC962d |
||
| 245 | 0 | 0 |
_aCuba, dictadura o democracia? / _cbajo la coordinación de Marta Harnecker ; edición Carmen Valcarce. |
| 250 | _a8a ed. | ||
| 260 |
_aMéxico : _bSiglo Veintiuno Editores, _c1979. |
||
| 300 |
_a406 p. ; _c19 cm. |
||
| 490 | 1 | _aHistoria inmediata | |
| 651 | 4 |
_aCuba _xPolítica Y Gobierno _y1959-1990. _95620 |
|
| 650 | 0 |
_aParticipación política _9456 |
|
| 700 | 1 |
_aHarnecker, Marta. _912290 |
|
| 700 | 1 |
_aValcarce, Carmen _eed. _932417 |
|
| 830 | 0 |
_aHistoria inmediata ; _932418 |
|
| 910 | _aCatalogación derivada | ||
| 049 | _aBNGR | ||
| 999 |
_c13948 _d13948 |
||